Ossa nel deserto /

में बचाया:
ग्रंथसूची विवरण
मुख्य लेखक: González Rodríguez, Sergio (लेखक)
अन्य लेखक: Maneri, Gina, Mazza, Andrea, (1963- )
स्वरूप: पुस्तक
भाषा:इतालवी
प्रकाशित: Milano : Adelphi, [2006]
श्रृंखला:La collana dei casi ; 66
विषय:
टैग: टैग जोड़ें
कोई टैग नहीं, इस रिकॉर्ड को टैग करने वाले पहले व्यक्ति बनें!

MARC

LEADER 00000nam a2200000 i 4500
001 IT\ICCU\RMS\1534302
003 ItRI
005 20260115231915.0
008 060406s2006 it |||||| ||||| |||||c
015 |2 IT  |a 2007-9982 
020 |a 8845920437 
040 |b ita  |c importazione bologna sebina 
041 7 |a ita  |2 ISO-639-2 
082 |a 364.1523  |9 OMICIDIO PREMEDITATO  |2 19 
100 1 |a González Rodríguez, Sergio  |0 IT\ICCU\RMSV\628946  |4 aut 
240 1 0 |a Huesos en el desierto  |3 IT\ICCU\RMS\1534306  |9 González Rodríguez, Sergio 
245 1 0 |a Ossa nel deserto /  |c Sergio González Rodríguez ; traduzione di Gina Maneri e Andrea Mazza. 
260 |a Milano :  |b Adelphi,  |c [2006] 
300 |a 426 p. ;  |c 22 cm. 
650 7 |a Omicidio  |x Ciudad Juárez  |x 1993-2005  |2 scbi 
700 1 |a Maneri, Gina  |0 IT\ICCU\CFIV\109312 
700 1 |a Mazza, Andrea,  |d  (1963- )  |0 IT\ICCU\CFIV\240532 
830 3 |a La collana dei casi ;  |v 66  |0 IT\ICCU\CFI\0040292 
942 |2 ddc  |c BK  |n 0 
952 |0 0  |1 0  |4 0  |6 DOC_364_152000000000000_GON  |7 0  |9 16081  |a BO  |b BO  |d 2026-01-15  |i 12753  |l 0  |o DOC 364.152 GON  |p BO12753  |r 2026-01-15 23:19:15  |w 2026-01-15  |x [Sebina 5] [1 v.]  |y BK  |z 1 v. 
999 |c 13824  |d 13824